000 00323nam a22001337a 4500
008 170616b xxu||||| |||| 00| 0 eng d
020 _a9780813323534
041 _aeng
080 _22ND
_a327
100 _a20
101 _aSHP
245 _aINTERNATIONAL RELATIONS IN A CHANGING GLOBAL SYSTEM
_cBROWN,S
942 _2udc
_cBK
999 _c17966
_d17966